[Event "Titled Tuesday intern op 4th Aug"]
[Site "Chess.com INT"]
[Date "2015.08.04"]
[Round "3"]
[White "Mirimanian, Hayk"]
[Black "Vattese, Nicholas"]
[Result "1-0"]
[WhiteElo "2176"]
[BlackElo "2002"]
[PlyCount "105"]
[EventDate "2015.08.04"]
[EventType "swiss (blitz)"]
[EventRounds "9"]
[EventCountry "USA"]
[SourceTitle "EXT 2021"]
[Source "ChessBase"]
[SourceDate "2020.10.23"]
[SourceVersion "1"]
[SourceVersionDate "2020.10.23"]
[SourceQuality "1"]

1. e4 c5 2. Nf3 d6 3. Bb5+ Bd7 4. Bxd7+ Qxd7 5. 0-0 Nc6 6. c3 Nf6 7. Re1 e6 8. d4 cxd4 9. cxd4 d5 10. e5 Ne4 11. Nbd2 Nxd2 12. Bxd2 0-0-0 13. Qb1 Bb4 14. Bxb4 Nxb4 15. a3 Nc6 16. b4 Kb8 17. a4 Rc8 18. a5 Qe7 19. Ra4 Qd8 20. Qb2 Ne7 21. b5 h5 22. a6 b6 23. Raa1 Nf5 24. Rac1 Qe7 25. Red1 Rxc1 26. Rxc1 Rc8 27. Rxc8+ Kxc8 28. Ne1 Qc7 29. Nc2 Qc4 30. g3 Kb8 31. Kg2 Qe2 32. Qc3 Qc4 33. Qxc4 dxc4 34. Kf3 Ne7 35. Ne3 c3 36. Ke4 Nd5 37. Kd3 Nc7 38. Kc4 Nd5 39. Nc2 Kc7 40. Na3 Kd7 41. Kd3 Ke7 42. Nb1 c2 43. Kxc2 Nc7 44. Nc3 f5 45. Kd3 Kf7 46. Kc4 Ke7 47. d5 Kd7 48. f4 exd5+ 49. Nxd5 Ne6 50. Ne3 g6 51. Nd5 Nc5 52. Nxb6+ Kc7 53. Kxc5 1-0